Dôsledky pohľadávok po lehote splatnosti

Smernica 2011/7/EÚ o boji proti oneskoreným platbám. Nedobytné pohľadávky. Hlavné dôvody oneskorených platieb. Percentuálny podiel nedobytných pohľadávok v krajinách EÚ (2006-2014). Percentuálny podiel nedobytných pohľadávok na Slovensku (2008-2014).

Salvato in:
Dettagli Bibliografici
Autore principale: Jánošová, Veronika, 1953-
Natura: Capitolo di libro
Lingua:slovacco
Soggetti:
Tags: Aggiungi Tag
Nessun Tag, puoi essere il primo ad aggiungerne!!

MARC

LEADER 00000naa$a2200000$$$4500
001 0204383
005 20240502073419.2
041 0 |a slo 
044 |a SK 
245 1 0 |a Dôsledky pohľadávok po lehote splatnosti  |c Veronika Jánošová 
520 |a Smernica 2011/7/EÚ o boji proti oneskoreným platbám. Nedobytné pohľadávky. Hlavné dôvody oneskorených platieb. Percentuálny podiel nedobytných pohľadávok v krajinách EÚ (2006-2014). Percentuálny podiel nedobytných pohľadávok na Slovensku (2008-2014). 
610 2 0 |a financie podnikové 
610 2 0 |a pohľadávky 
610 2 0 |a platby obchodné 
610 2 0 |a regulácia 
610 2 0 |a smernice 
610 2 0 |a Európska únia 
610 2 0 |a Slovensko 
100 1 |a Jánošová, Veronika, 1953-